| 000 | 00804nam a2200217Ia 4500 | ||
|---|---|---|---|
| 001 | 6515 | ||
| 008 | 260427s9999 xx 000 0 und d | ||
| 010 | _a2019941023 | ||
| 020 | _a9781250203557 | ||
| 245 | 0 |
_aWe Are Water Protectors/ _cWritten by Carole Lindstrom; illustrated by Michaela Goade |
|
| 260 |
_aNY; _bRoaring Book Press; _c2020 |
||
| 300 |
_a40p; _c26x26cm |
||
| 520 | _aThis children's story book issues an urgent rallying cry to safeguard the Earth’s water from harm and corruption—inviting young readers everywhere to join the fight. | ||
| 546 | _aHawaiian; English | ||
| 650 |
_aFolk literature _99335 |
||
| 650 |
_aIndigenous societies _99260 |
||
| 650 |
_aPN1-6790 Literature (General) _921 |
||
| 651 |
_aHawaii _92928 |
||
| 655 |
_aIllustrated volume _99336 |
||
| 942 | _cBK | ||
| 999 |
_c6515 _d6515 |
||